Catálogo

A COMPUTATIONAL MODEL OF METAPHOR INTERPRETATION (Registro nro. 9957)

Detalles MARC
000 -LEADER
fixed length control field 00511nam a2200169 a 4500
001 - CONTROL NUMBER
control field 9957
005 - DATE AND TIME OF LATEST TRANSACTION
control field 20180713194005.0
008 - FIXED-LENGTH DATA ELEMENTS--GENERAL INFORMATION
fixed length control field 140415s1990 000 0 spa d
041 ## - LANGUAGE CODE
Language code of text/sound track or separate title spa
082 ## - DEWEY DECIMAL CLASSIFICATION NUMBER
Classification number 001.535
Item number MAR
100 1# - MAIN ENTRY--PERSONAL NAME
Personal name MARTIN, JAMES H.
245 12 - TITLE STATEMENT
Title A COMPUTATIONAL MODEL OF METAPHOR INTERPRETATION
260 ## - PUBLICATION, DISTRIBUTION, ETC.
Place of publication, distribution, etc. [s.l.] :
Name of publisher, distributor, etc. ACADEMIC PRESS,
Date of publication, distribution, etc. 1990
300 ## - PHYSICAL DESCRIPTION
Extent 229
490 ## - SERIES STATEMENT
Series statement PERSPECTIVES IN ARTIFICIAL INTELLIGENECE
Volume/sequential designation 8
650 14 - SUBJECT ADDED ENTRY--TOPICAL TERM
Topical term or geographic name entry element METAFORA
General subdivision SERVICIOS DE PROCESAMIENTO DE DATOS
Existencias
Withdrawn status Lost status Source of classification or shelving scheme Damaged status Not for loan Collection code Home library Current library Shelving location Date acquired Source of acquisition Inventory number Total Checkouts Full call number Barcode Date last seen Price effective from Koha item type
    Dewey Decimal Classification     General Biblioteca Karol Wojtyla Biblioteca Karol Wojtyla Sala general 03/12/2013 Compra 151000000000000000065469   '001.535 MAR 24566 05/01/2026 03/12/2013 Libro
    Dewey Decimal Classification     General Biblioteca Karol Wojtyla Biblioteca Karol Wojtyla Sala general 03/12/2013 Compra 151000000000000000065470   '001.535 MAR 24567 05/01/2026 03/12/2013 Libro